000 00296nam a22001337a 4500
008 170323b xxu||||| |||| 00| 0 eng d
020 _a9780397515387
041 _aeng
080 _24 ED
_a616.9
100 _a8
101 _aSHM
245 _aAIDS ETIOLOGY DIAGNOSIS
_cCURRAN.J
942 _2udc
_cBK
999 _c8511
_d8511